000 00897cab a22002175a 4500
001 L148436
008 090917e20090911xxkdo f 000 0 eng d
035 _a(Sirsi) u148436
041 0 _aeng
100 1 _aEade, Christine
245 0 0 _aRegional report
_bBristol, Bath and Swindon
260 _c2009
490 0 _aProperty Week
_v75(37) 11 September 2009, 79-87(5)
520 _aRecent completions without prelets have flooded Bristol's office market. Muse's planned 600 000 sq ft development in Swindon town centre will be facing stiff competition from bargain £5/sq ft office rents already available. The first phase of Bath's new £350m shopping centre, SouthGate, will open in November 2009 with 80% to 85% let. Table.
590 _aKA
651 4 _aBristol
651 4 _aBath
651 4 _aSwindon
690 _aPROPERTY-COMMERCIAL PROPERTY-COMMERCIAL PROPERTY MARKET
942 _n0
999 _c81835
_d81835